Statistics for Real Madrid CF Squad 2010-2011

Click here to take the quiz!

General Stats

  • This quiz has been taken 83 times
  • The average score is 17 of 26

Answer Stats

#PositionNationPlayer% Correct
7FWPortugalCristiano Ronaldo
100%
1GKSpainIker Casillas
98%
4DFSpainSergio Ramos
98%
3DFPortugalPepe
97%
22FWArgentinaÁngel Di María
90%
9FWFranceKarim Benzema
88%
12DFBrazilMarcelo Vieira
86%
20FWArgentinaGonzalo Higuaín
81%
24MFGermanySami Khedira
81%
23MFGermanyMesut Özil
80%
-CoachPortugalJosé Mourinho
76%
8MFBrazilKaká
73%
6FWTogoEmmanuel Adebayor
71%
10MFFranceLassana Diarra
69%
6MFMaliMahamadou Diarra
68%
14MFSpainXabi Alonso
68%
2DFPortugalRicardo Carvalho
66%
25GKPolandJerzy Dudek
58%
5MFArgentinaFernando Gago
54%
17DFSpainÁlvaro Arbeloa
51%
18DFSpainRaúl Albiol
51%
11MFSpainEsteban Granero
41%
13GKSpainAntonio Adán
37%
19DFArgentinaEzequiel Garay
34%
16MFSpainSergio Canales
17%
21FWSpainPedro León
14%

Score Distribution

Percentile by Number Answered

Percent of People with Each Score

Your Score History

You have not taken this quiz